| 000 | 00453nam a2200181 a 4500 | ||
|---|---|---|---|
| 001 | 6755 | ||
| 003 | CO-ViMGA | ||
| 008 | 141112s2004 ck r 000 u spa d | ||
| 040 |
_aCO-ViMGA _bspa _cCO-ViMGA |
||
| 082 | 0 | 4 | _a616.865 A511 |
| 100 | 1 |
_aAlbamonte, Alejandro _95670 |
|
| 245 | 1 | 0 | _aPara dejar de fumar |
| 260 |
_aBuenos Aires : _bAlbatros, _c1991 |
||
| 300 | _a63 p : il | ||
| 490 | _aVerde | ||
| 650 | 1 | 4 |
_aFUMAR - HABITO _95671 |
| 942 |
_2ddc _cBK |
||
| 999 |
_c18724 _d18724 |
||